| 000 -LEADER |
| fixed length control field |
01628cam a22002412 4500 |
| 001 - CONTROL NUMBER |
| control field |
447987 |
| 003 - CONTROL NUMBER IDENTIFIER |
| control field |
OSt |
| 005 - DATE AND TIME OF LATEST TRANSACTION |
| control field |
20211008112331.0 |
| 008 - FIXED-LENGTH DATA ELEMENTS--GENERAL INFORMATION |
| fixed length control field |
031107s2003 enk e 00011 eng d |
| 020 ## - INTERNATIONAL STANDARD BOOK NUMBER |
| International Standard Book Number |
0552154016 (pbk.) : |
| 020 ## - INTERNATIONAL STANDARD BOOK NUMBER |
| International Standard Book Number |
9780552154017 (pbk.) |
| 040 ## - CATALOGING SOURCE |
| Original cataloging agency |
TAE |
| Language of cataloging |
eng |
| Transcribing agency |
Tae |
| 041 0# - LANGUAGE CODE |
| Language code of text/sound track or separate title |
eng |
| 082 ## - DEWEY DECIMAL CLASSIFICATION NUMBER |
| Classification number |
FIC BRO |
| 100 1# - MAIN ENTRY--PERSONAL NAME |
| Personal name |
Brown, Dan, |
| Dates associated with a name |
1964- |
| 245 14 - TITLE STATEMENT |
| Title |
The Da Vinci code / |
| Statement of responsibility, etc. |
Dan Brown. |
| 260 0# - PUBLICATION, DISTRIBUTION, ETC. |
| Place of publication, distribution, etc. |
London : |
| Name of publisher, distributor, etc. |
Corgi, |
| Date of publication, distribution, etc. |
2003. |
| 300 ## - PHYSICAL DESCRIPTION |
| Extent |
604 p. ; |
| Dimensions |
18 cm. |
| 520 ## - SUMMARY, ETC. |
| Summary, etc. |
While in Paris on business, Harvard symbologist Robert Langdon receives an urgent late-night phone call: the elderly curator of the Louvre has been murdered inside the museum. Near the body, police have found a baffling cipher. While working to solve the enigmatic riddle, Langdon is stunned to discover it leads to a trail of clues hidden in the works of Da Vinci--clues visible for all to see--yet ingeniously disguised by the painter. Langdon joins forces with a gifted French cryptologist, Sophie Neveu, and learns the late curator was involved in the Priory of Sion--an actual secret society whose members included Sir Isaac Newton, Botticelli, Victor Hugo, and Da Vinci, among others. In a breathless race through Paris, London, and beyond, Langdon and Neveu match wits with a faceless powerbroker who seems to anticipate their every move. Unless Langdon and Neveu can decipher the labyrinthine puzzle in time, the Priory's ancient secret--and an explosive historical truth--will be lost forever. |
| 600 #0 - SUBJECT ADDED ENTRY--PERSONAL NAME |
| Personal name |
Leonardo, |
| Titles and other words associated with a name |
da Vinci, |
| Dates associated with a name |
1452-1519 |
| General subdivision |
Juvenile literature. |
| 650 #0 - SUBJECT ADDED ENTRY--TOPICAL TERM |
| Topical term or geographic name entry element |
Cryptographers |
| General subdivision |
Fiction. |
| 942 ## - ADDED ENTRY ELEMENTS (KOHA) |
| Source of classification or shelving scheme |
|
| Koha item type |
Books - Fiction |